Statystyki dla Państwa najbardziej zanieczyszczone światłem

Kliknij tutaj aby rozwiązać quiz!

Ogólne statystyki

  • Ten quiz został rozwiązany 234 razy
    (158 od ostatniego zresetowania)
  • Średni wynik to 10 z 20

Statystyki odpowiedzi

JasnośćPaństwo% Poprawnych
3,19Włochy
74%
11,6San Marino
71%
108Watykan
71%
3,67Luksemburg
69%
80,8Monako
68%
3,96Korea Południowa
65%
44Singapur
63%
5,13Holandia
60%
4,71Belgia
59%
14,9Katar
49%
48,8Bahrajn
44%
8,44Kuwejt
44%
4,90Zjednoczone Emiraty Arabskie
44%
12,8Malta
43%
5,08Tajwan
38%
7,56Izrael
34%
2,74Cypr
31%
3,78Liban
24%
3,01Nauru
16%
6,44Trynidad i Tobago
3%

Rozkład punktacji

Percentyl według liczby udzielonych odpowiedzi

Procent ludzi z każdym wynikiem

Twoja historia wyników

Nie rozwiązałeś tego quizu od ostatniego zresetowania